| 000 -ლიდერი |
| ფიქსირებული სიგრძის საკონტროლო ველი |
00930nam a2200229Ia 4500 |
| 001 - საკონტროლო ნომერი |
| საკონტროლო ველი |
5928 |
| 003 - საკონტროლო ნომრის იდენტიფიკატორი |
| საკონტროლო ველი |
GE_BSU |
| 005 - ბოლო ოპერაციის თარიღი და დრო |
| საკონტროლო ველი |
20190826101004.0 |
| 008 - ფიქსირებული სიგრძის მონაცემთა ელემენტები - ზოგადი ინფორმაცია |
| ფიქსირებული სიგრძის საკონტროლო ველი |
181216s1969||||ge |||||||||||||| ||geo|| |
| 040 ## - კატალოგიზაციის წყარო |
| Transcribing agency |
GE_BSU |
| 041 ## - ენის კოდი |
| Language code of text/sound track or separate title |
geo |
| 080 ## - უნივერსალური ათობითი კლასიფიკაციის ინდექსი |
| Universal Decimal Classification number |
821.353.1-1 ა-13 |
| 100 ## - მთავარი ჩანაწერი - პიროვნების სახელი |
| Personal name |
აბაშიძე, ირაკლი |
| 9 (RLIN) |
3740 |
| 245 ## - ცნობა სათაურის შესახებ |
| Title |
მიახლოვება. რუსთაველის ნაკვალევზე : |
| Remainder of title |
ლექსები / |
| Statement of responsibility, etc |
ირაკლი აბაშიძე ; რედ. კარლო კალაძე. |
| 264 ## - წარმოების, გამოცემის, დისტრიბუციის და სხვა ცნობები |
| გამოცემის, წარმოების, დისტრიბუციის... ადგილი |
თბილისი : |
| გამოცემის, წარმოების, დისტრიბუციის... სახელწოდება |
მერანი ; |
| გამოცემის, წარმოების, დისტრიბუციის... თარიღი |
1969. |
| 300 ## - ფიზიკური აღწერა |
| Extent |
195 გვ. ; |
| Dimensions |
16 სმ. |
| 653 ## - INDEX TERM--UNCONTROLLED |
| Uncontrolled term |
მიახლოვება |
| 653 ## - INDEX TERM--UNCONTROLLED |
| Uncontrolled term |
რუსთაველის ნაკვალევზე |
| 653 ## - INDEX TERM--UNCONTROLLED |
| Uncontrolled term |
ლექსები |
| 700 ## - ADDED ENTRY--PERSONAL NAME |
| Personal name |
კალაძე, კარლო |
| Relator term |
რედაქტორი |
| 9 (RLIN) |
3778 |
| 942 ## - ADDED ENTRY ELEMENTS (KOHA) |
| Koha item type |
წიგნი |
| Source of classification or shelving scheme |
|